| 000 | 02047 a2200301 4500 | ||
|---|---|---|---|
| 001 | 49342 | ||
| 005 | 20260407155757.0 | ||
| 008 | 260407a2009 arg spa d | ||
| 003 | AR-UNSa-BCEJYS | ||
| 040 |
_aAR-UNSa-BCEJYS _bspa _cAR-UNSa-BCEJYS |
||
| 080 |
_a347.736 _xQuiebra. Insolvencia. Suspensión de pagos. Bancarrota, procedimientos. Derecho Concursal |
||
| 245 | 1 | 0 | _aLey de concursos y quiebras |
| 020 | _a978-950-727-999-7 | ||
| 250 | _a4a. ed. | ||
| 264 | 1 |
_aSanta Fe : _bRubinzal-Culzoni Editores _c2009 |
|
| 300 |
_a4 v. (736 ; 699 ; 728 ; 936 p.) _c22 cm. |
||
| 505 | _aVol. 1: Artículos 1° a 25°: Ley 24522 CONCURSOS Y QUIEBRAS DE LOS CONCURSOS: 1. Principios generales - 2. Concurso preventivo - - Vol. 2: Artículos 26° a 76°: 3. Trámite hasta el acuerdo - 4. Propuesta, período de exclusividad y régimen del acuerdo preventivo - 5. Impugnación, homologación, cumplimiento y nulidad del acuerdo - 6. Concurso en caso de agrupamiento - 7. Acuerdo preventivo extrajudicial - - Vol. 3: Artículos 77° a 159°: Título III: QUIEBRA: 1. Declaración - 2. Efectos de la quiebra - - Vol. 4.: Artículos 160° a 297°: 3. Extensión de la quiebra. Grupos económicos. Responsabilidad de terceros - 4. Incautación, conservación y administración de los bienes - 5. Período informativo en la quiebra - 6. Liquidación y distribución - 7. Conclusión de la quiebra - 8. Clausura del procedimiento - 9. Inhabilitación del fallido - - Título IV: 1. Privilegios - 2. Funcionarios y empleados de los concursos - 3. Reglas procesales - 4. De los pequeños concursos y quiebras - Disposiciones transitorias y complementarias. | ||
| 041 | _aspa | ||
| 942 | _cBK | ||
| 590 | _aniveau_biblio:m niveau_hierar:0 | ||
| 100 | 1 | _aRivera, Julio César | |
| 700 | 1 | _aRoitman, Horacio | |
| 700 | 1 | _aVítolo, Daniel Roque | |
| 700 | 1 | _aArgentina [Leyes, etc.] | |
| 650 | _aLEY 24.522 | ||
| 856 | 4 | 1 |
_uhttps://www.biblioeco.unsa.edu.ar/pmb/images/libros/L128024.jpg _yImagen de portada _qimage/jpeg |
| 650 | _a ley 24 522 | ||
| 999 |
_c4813 _d4813 |
||